000 00288nam a2200109Ia 4500
008 200302s9999 xx 000 0 und d
100 _aPawlitschko Dipl
245 _aDetail engineering Schaech Berger Mann und partner
260 _bDokumntation Gmbh & Co.
260 _c2011
300 _a136
999 _c6183
_d6183